000 00724nam a2200217 i 4500
001 185595
003 SpMaBN
005 20250415063105.0
008 160721s1999 sp |||| | spa d
020 _a84-339-6895-5
080 _a821.133.1-31"19"
100 1 _aHouellebecq, Michel,
_d1956-
_964324
245 1 4 _aLas partículas elementales /
_cMichel Houellebecq ; traducción de Encarna Castejón.
260 _aBarcelona :
_bAnagrama,
_c[1999]
300 _a320 p. ;
_c22 cm.
490 1 _aPanorama de narrativas ;
_v435
700 1 _aCastejón, Encarna.
_936460
830 0 0 _aPanorama de narrativas
_v435
_9123642
852 _aES-MaACL
_jL-30469
_z. - Donat. Miguel A. Velasco
999 _c185595
_d185595